|
|
|
|
| LEADER |
00576nam a22001577a 4500 |
| 008 |
170318t2009 ii ||||| |||| 00| 0 eng d |
| 020 |
|
|
|a 9789380031026
|
| 082 |
|
|
|a 954.03
|
| 100 |
|
|
|a Pravin Kumar
|
| 245 |
|
|
|a Colonialism, constitutionalism and freedom struggle /
|c Pravin Kumar
|
| 260 |
|
|
|a Delhi :
|b Abhijeet,
|c 2009.
|
| 300 |
|
|
|a 220 p. ;
|
| 653 |
|
|
|a India
|a Politics and government
|a Constitutional history
|
| 942 |
|
|
|c BK
|
| 999 |
|
|
|c 277992
|d 277992
|
| 952 |
|
|
|0 0
|1 0
|2 ddc
|4 0
|6 954_030000000000000_PRA_C
|7 0
|9 312628
|a PHL
|b PHL
|c ST1
|d 2017-03-18
|i 5121
|l 0
|o 954.03 PRA/C
|p PHL5121
|r 2017-03-18
|y BK
|